000 00978cam a2200205Ka 4500
082 _a330
_bMIL
100 1 _aMill, John Stuart,
_949186
245 1 0 _aPrinciples of political economy
_bwith some of their applications to social philosophy /
_cby John Stuart Mill ; edited with an introduction by W.J. Ashley.
250 _aNew impression.
260 _aLondon ;
_aNew York :
_bLongmans, Green,
_c1915.
300 _a1013 p. ;
500 _a"New edition ... edited by W.J. ashley November 1909; Reprinted January 1915"--T.p. verso.
500 _a"The present edition, with the exception of a few verbal corrections, corresponds exactly with the last Library edition and with the People's edition"--Pref. to the 7th (1871) ed.
526 _a0
_b0
_c0
_d330_000000000000000_MIL
526 _a0
_b0
_c0
_d330_000000000000000_MIL
650 0 _aMCE
_9379
700 1 _aAshley, W. J.
_949187
856 4 0 _uhttp://catalog.hathitrust.org/api/volumes/oclc/5278367.html
942 _2ddc
_cBK
999 _c552004
_d552004